000 00660nam a22001937a 4500
005 20180417102906.0
010 _aENG-122632
020 _c450.00
_a9789386446497
035 _aEN-106164
037 _bDBAD/PUB
082 _a306.766054
100 _aRao,R.Raj
245 _aCriminal love?:
_cby R.Raj Rao
_bQueer theory,culture,and politics in india /
260 _c2017
_aNew Delhi
_bSage Publications India Ltd.
270 _aB1/1-1 Mohan Cooperative Industrial Area,Mathura Road,
_bNew Delhi
_e110044
_mwww.sagepub.in
300 _c21cm(pbk)
_a163P.
500 _aIt includes bibliographic index
942 _cEN
_2ddc
_mRAO
_h306.7660954
999 _c151269
_d151269